000
00268nam a2200109Ia 4500
008
240625s9999 xx 000 0 und d
041
_a
eng
082
_a
658.4033 AND
100
_a
THOMSON LEARNING
245
_a
PROFESSIONAL CRYSTAL BALL 2000 140 DAY T
260
_c
2000
999
_c
33543
_d
33543